| 000 | 00481 a2200157 4500 | ||
|---|---|---|---|
| 005 | 20250312132948.0 | ||
| 020 | _a978-0-07-298713-3 | ||
| 082 | _a331.097 FOS | ||
| 100 | _aFOSSUM, J. A. | ||
| 245 | _aLabor Relations: Development, Structure, Process | ||
| 250 | _a9th Ed. | ||
| 260 |
_aNew York, _bMc Graw-Hill, _c2006. |
||
| 300 |
_axvii, 554p.: ill.; figure, table. _bBibliography, references, index. _c24cm. |
||
| 856 |
_yAccess online book _fLabor _dwww.mhhe.com |
||
| 942 |
_2ddc _cBKS |
||
| 999 |
_c489 _d489 |
||